00218nam a22000977a 4500003000400000082001600004100002400020245004200044260002600086300000800112SGT a618.1bH16L aLEVINE, DOUGLAS A.  aHB. FOR PRINCIPLES IN GYNE. ONCOLOGY  aINDIA bWOLTER c2016 a274